00332nam a22001097a 4500082001500000100002100015245005300036260007400089300001400163526003700177650000800214 a624.1bHUI aWilliam and saul aHuitieme congress achter kongress eight congress aNew YorkbPublication preliminaire vorbericht preliminary publication a725 pages a0b0c0d624_100000000000000_HUI aMCE